Analýza poukážok z pohľadu účtovníctva bakalárska práca

Salvato in:
Dettagli Bibliografici
Autore principale: Spodná, Miriama
Ente Autore: Fakulta hospodárskej informatiky EU. Katedra účtovníctva a audítorstva
Altri autori: Mateášová, Martina, 1979-
Natura: Libro
Lingua:slovacco
Pubblicazione: Bratislava 2022
Tags: Aggiungi Tag
Nessun Tag, puoi essere il primo ad aggiungerne!!

MARC

LEADER 00000nbm a2200000 4500
001 0286147
005 20230123150506.7
041 0 |a slo 
044 |a SK 
245 1 0 |a Analýza poukážok z pohľadu účtovníctva  |b bakalárska práca  |c Miriama Spodná ; školiteľ: Martina Mateášová 
264 1 |a Bratislava  |c 2022 
300 |a 51 s. 
100 1 |a Spodná, Miriama 
700 1 |a Mateášová, Martina, 1979- 
710 2 |a Fakulta hospodárskej informatiky EU. Katedra účtovníctva a audítorstva